[Event "DANMJ"]
[Site "?"]
[Date "1998.04.05"]
[Round "3"]
[White "Ovnerud, Thomas"]
[Black "Ferkingstad, Sjur"]
[Result "0-1"]
[WhiteElo "1815"]
[BlackElo "1897"]
[PlyCount "62"]

1. e4 d5 2. exd5 Nf6 3. Nc3 Nxd5 4. Bc4 e6 5. d3 c6 6. Nf3 Bd6 7. O-O O-O 8.
Bg5 Qc7 9. Ne4 b5 10. Nxd6 Qxd6 11. Bb3 Bb7 12. a4 a6 {
han vil miste en kvalitet, men far en del spill for den.} 13. Nd2 $6 (13. Qe2)
13... Qe5 14. f4 Qd4+ 15. Kh1 Ne3 16. Qh5 Nxf1 17. Rxf1 Nd7 18. f5 exf5 19. Be7
g6 20. Qg5 Rfe8 21. Ne4 bxa4 22. Bc4 Qe5 23. Bf6 {Hvit far igjen kvaliteten
sin, men merkelig nok er det hvit konge som blir svart utsatt etterpa.} 23...
Nxf6 24. Nxf6+ Kg7 25. Nxe8+ Rxe8 26. h3 c5 27. Qd2 (27. Qf4 Qe2 28. Qf2 {
er muligens hvit sjanse til a overleve.}) 27... Qe2 28. Qc3+ Kg8 29. Rg1 Re3
30. Kh2 Rxh3+ 31. Kxh3 Qg4+ 0-1

[Event "DANMJ"]
[Site "?"]
[Date "1998.04.05"]
[Round "3"]
[White "Hansen, Victor"]
[Black "Pronstad, Tomas"]
[Result "1-0"]
[WhiteElo "1631"]
[BlackElo "1366"]
[PlyCount "95"]

1. e4 e6 2. d4 d5 3. exd5 exd5 4. Nf3 Bd6 5. Bd3 Bg4 6. O-O Ne7 7. Bg5 $6 (7.
c3 {er hovedvariant.}) 7... f6 8. Bh4 8... O-O $6 {Litt slakt (sitat Hans Olav)
. Oppstilling med Sbc6 med ideen Dd7 og lang rokade. I et fremtidig angrep vil
svart fa tempo pa Lh4.} 9. Nbd2 9... c6 {Sb8 blir darlig etter dette.} 10. c3
Qb6 11. Qc2 g6 12. Bg3 Qc7 13. Rae1 Nf5 14. Bxd6 Nxd6 15. Re2 Na6 16. Rfe1
16... Rae8 $2 (16... Kf7 $5) 17. Rxe8 Rxe8 18. Rxe8+ Nxe8 19. Bxg6 Bxf3 20.
Bxe8 Qe7 21. Nxf3 Qxe8 22. Kf1 Nc7 23. Qf5 Qe6 24. Qxe6+ Nxe6 25. g3 25... Ng5
$2 {Man ma regne med at slike bondesluttspill er tapt.} 26. Ke2 $2 26... Kf7 $2
27. Nxg5+ {Endelig fant ogsa hvit ut dette.} 27... fxg5 28. g4 Ke6 29. Ke3 a5
30. a4 b5 31. b3 h6 32. Kf3 Kd6 33. Kg3 c5 34. dxc5+ Kxc5 35. axb5 Kxb5 36. h4
a4 37. bxa4+ Kxa4 38. hxg5 hxg5 39. f4 gxf4+ 40. Kxf4 Kb3 41. g5 Kxc3 42. g6 d4
43. g7 d3 44. g8=Q d2 45. Qd5 Kc2 46. Qc4+ Kb2 47. Qd3 Kc1 48. Qc3+ 1-0

[Event "DANMJ"]
[Site "?"]
[Date "1998.04.05"]
[Round "3"]
[White "Ytterborg, Jan Henrik"]
[Black "Villmo, Harald"]
[Result "0-1"]
[WhiteElo "1276"]
[BlackElo "1290"]
[PlyCount "76"]

1. e4 e5 2. Nf3 Nc6 3. d4 exd4 4. Bc4 Bc5 5. Ng5 Ne5 6. Nxf7 Qe7 7. Nxe5 ({
Hva var egentlig galt med} 7. Nxh8 $2) 7... Qxe5 8. O-O d6 9. Kh1 Bd7 10. f4
Qe7 11. a3 O-O-O 12. Qd3 Bc6 13. Re1 d5 14. Bb5 dxe4 15. Qf1 Bxb5 16. Qxb5 e3
17. b4 Bb6 18. a4 c6 19. Qc4 Kb8 20. Bb2 Qd6 21. Rxe3 Qxf4 22. Rf3 Qh4 23. Nd2
Bc7 24. Nf1 Nf6 25. Re1 $4 {Hallo??????} 25... Qxe1 26. Bxd4 Qe4 27. c3 Qd5 28.
Qd3 Rhf8 29. Ne3 Qh5 30. Rh3 Qg6 31. Qc4 Qb1+ 32. Nf1 Ne4 33. Rf3 Rxf3 34. gxf3
Nd2 35. Qe2 Qxf1+ 36. Qxf1 Nxf1 37. Bxg7 Bxh2 38. Kg2 Rg8 0-1

[Event "DANMJ"]
[Site "?"]
[Date "1998.04.05"]
[Round "3"]
[White "Kimari, Patrick"]
[Black "Hagesather, Ellen"]
[Result "1-0"]
[WhiteElo "2150"]
[BlackElo "2045"]
[PlyCount "45"]

1. e4 d6 2. d4 Nf6 3. Nc3 g6 4. Bg5 Bg7 5. Qd2 c6 6. f4 O-O 7. Nf3 Qc7 8. Bd3
b5 9. O-O b4 10. Ne2 c5 11. c3 a5 12. f5 Nc6 13. Bh6 e6 14. Bxg7 Kxg7 15. g4
Nxg4 16. Qg5 exf5 17. exf5 Nf6 18. Nf4 Ne7 19. Rae1 19... Bb7 $2 (19... Nxf5
20. Bxf5 Bxf5 21. Nh4 21... Bc8 {blir vel aldri veldig farlig.}) 20. Nh5+ Nxh5
21. Rxe7 Qc8 22. fxg6 Bxf3 23. Rxf3 1-0

[Event "DANMJ"]
[Site "?"]
[Date "1998.04.05"]
[Round "3"]
[White "Sagafos , Magne"]
[Black "Jensen, Bjarke"]
[Result "1-0"]
[WhiteElo "1819"]
[BlackElo "2110"]
[Annotator "Magne Sagafos"]
[PlyCount "71"]

1. e4 c5 2. Nf3 d6 3. d4 cxd4 4. Nxd4 Nf6 5. Nc3 g6 6. Be3 Bg7 7. f3 O-O 8. Qd2
Nc6 9. Bc4 Bd7 10. O-O-O Qa5 11. g4 Rfc8 12. Bb3 Ne5 13. h4 b5 14. h5 Nc4 15.
Bxc4 bxc4 16. Bh6 Bh8 17. Nf5 $5 {
Et kanskje ukjent dilemma,som er foretrukket istedenfor 17.Kb1
} 17... Bxf5 $2
(17... Re8 18. Bg7 {Meget interessant.Vil du vite mer om denne varianten,sa
oppsok Kristian Dahle T.}) 18. gxf5 Rab8 19. fxg6 fxg6 20. Rdg1 {20.e5? spilte
jeg en gang i Nordisk mot Martin Osttveit.Men partifortsettelsen har senere
vist seg a vare vinnende for hvit!} 20... Kf7 {
I andre varianter fungerer ikke Db4, pga hxg6 og Dg2.} 21. hxg6+ hxg6 22. Qg2
Rg8 23. Bd2 23... Nh5 $6 (23... Qb6 24. Rxh8 Rxh8 25. Qxg6+ Ke6 26. Qf5+ 26...
Kf7 $11) 24. f4 Qb6 25. Qf3 $1 25... Qxb2+ $2 {
Dronningen vil fa det svart vanskelig med a komme med i spillet igjen.} 26. Kd1
Qa3 27. f5 27... Ke8 $8 28. fxg6 Nf6 29. e5 $1 {Med vinnende fordel hvit.}
29... dxe5 30. Qc6+ Kd8 31. Nb5 Rxb5 32. Qxb5 c3 33. Rh3 e4 34. Rxc3 Qd6 35.
Rc6 Qh2 36. Ba5+ 1-0

[Event "DANMJ"]
[Site "?"]
[Date "1998.04.05"]
[Round "3"]
[White "Bjerke, Silje"]
[Black "Olsen, Anders"]
[Result "0-1"]
[WhiteElo "1664"]
[BlackElo "1764"]
[PlyCount "60"]

1. e4 g6 2. d4 Bg7 3. Nf3 d6 4. Bd3 Nf6 5. c3 O-O 6. O-O Nbd7 7. h3 e5 8. Bg5
c6 9. Na3 Qc7 10. Re1 h6 11. Bd2 11... Re8 {
Hvit har ikke akkurat satset alt i apningen, og svart star bra allerede.} 12.
dxe5 dxe5 13. Bc4 Nc5 14. Qc2 Nh5 15. Be3 Ne6 16. Bxe6 Bxe6 17. Rad1 Qe7 18. b4
Kh8 19. Bc5 Qf6 20. Bd6 Qf4 21. Re3 Rad8 22. c4 f5 23. Qc3 fxe4 24. Nxe5 Rxd6
25. Rxd6 Bxe5 26. Rd4 Qh2+ 27. Kf1 Nf4 28. Ke1 Nxg2+ 29. Kd2 Nxe3 30. Qxe3 Bf4
0-1

[Event "DANMJ"]
[Site "?"]
[Date "1998.04.05"]
[Round "3"]
[White "Berg-Jensen, Joachim"]
[Black "Vagle, Raymond"]
[Result "1/2-1/2"]
[WhiteElo "1632"]
[BlackElo "1536"]
[PlyCount "43"]

1. d4 Nf6 2. Bg5 Ne4 3. h4 c5 4. d5 Qb6 5. Qc1 g6 6. e3 Bg7 7. c3 h6 8. Bf4 d6
9. f3 Nf6 10. e4 Nbd7 11. Nd2 Qc7 12. Nh3 a6 13. Nf2 Nh5 14. Bh2 Be5 15. Bxe5
Nxe5 16. g4 Ng3 17. Rg1 Nxf1 18. Kxf1 g5 19. Rh1 f6 20. Kg2 Bd7 21. b3 Kf7 22.
h5 1/2-1/2

[Event "DANMJ"]
[Site "?"]
[Date "1998.04.05"]
[Round "3"]
[White "Hjort, Jens L."]
[Black "Johannessen, Leif E."]
[Result "0-1"]
[WhiteElo "1991"]
[BlackElo "2290"]
[Annotator "Johannessen"]
[PlyCount "36"]

1. e4 e6 2. d4 d5 3. Nc3 Bb4 4. Bd2 4... Ne7 {Ut av teorien med en gang.} 5. a3
Ba5 6. Bd3 Nbc6 7. Nf3 Bb6 8. Be3 {Jeg mener a huske at jeg har sett ett parti
med denne varianten, som gikk 8.exd5 exd5 9.Se2 Lg4! med en solid fordel til
svart. Teksttrekket er sterkere.} 8... e5 $5 {
Du har ikke mer moro enn du mekker selv, var det en luring som sa en gang.} 9.
Bb5 {Hvit finner det beste; 9.dxe5 d4 var selvfoelgelig veldig darlig for ham,
mens svart kommer best ut av komplikasjonene som oppstar etter 9.Sxd5 Sxd5 10.
exd5 exd4.} 9... dxe4 10. Nxe5 {
Hvit blir rulla over etter 10.Nxe4 f5! 11.Nc5 f4 osv.} 10... O-O 11. Bxc6 $2 {
Hvit boer ikke gi fra seg denne loeperen. Det beste var nok 11.Nxc6 Nxc6 12.
Ne2, selv om svart beholder en liten fordel etter 12...Bg4.} 11... Nxc6 12.
Nxc6 bxc6 13. Nxe4 $2 {Dette er selvmord, men na sleit hvit uansett. F.eks 13.
0-0 Ba6 14.Re1 f5 med glimrende spill.} 13... f5 14. Nc3 f4 15. Bc1 15... Ba6 {
Jeg vil toerre a pasta at svart har komp for bonden.} 16. Qf3 Re8+ 17. Kd1
Qxd4+ 18. Bd2 18... Rad8 {og hvit orka ikke mer.} 0-1

[Event "DANMJ"]
[Site "?"]
[Date "1998.04.05"]
[Round "3"]
[White "Almstrom, Martin"]
[Black "Bae, Torstein"]
[Result "1/2-1/2"]
[WhiteElo "2110"]
[BlackElo "2180"]
[PlyCount "88"]

1. Nf3 d5 2. d4 2... Nc6 {Torstein er ikke akkurat kjent som en teorislave, og
dette imaget kan jo ikke bli odelagt her.} 3. Bf4 Bg4 4. e3 e6 5. c4 Bd6 6. Bg3
Nge7 7. Nc3 O-O 8. Bh4 Qd7 9. Be2 Ng6 10. Bg3 Nce7 11. cxd5 exd5 12. O-O c6 13.
Rc1 Bxf3 14. Bxf3 f5 15. a3 f4 16. exf4 Nxf4 17. Bg4 Nf5 18. Na4 Qf7 19. Nc5
Bxc5 20. dxc5 Nh6 21. Bf3 Nh3+ 22. Kh1 Ng5 23. Bh5 Qd7 24. Be5 {
Springerne til Torstein har hoppet mye rundt, men har de kommet noe lenger?}
24... Ngf7 25. Bxf7+ Rxf7 26. h3 Nf5 27. Qd3 Ne7 28. Rce1 Re8 29. f3 Ng6 30.
Bd6 Re6 31. b4 Qe8 32. Qd2 Rff6 33. b5 Nh4 34. bxc6 bxc6 35. Rb1 Qg6 36. Rb8+
Re8 37. Rxe8+ Qxe8 38. Rb1 Qe6 39. Rb8+ Kf7 40. Qd3 Qe1+ 41. Kh2 Nxf3+ 42. gxf3
Qf2+ 43. Kh1 Qe1+ 44. Kh2 Qf2+ 1/2-1/2

[Event "DANMJ"]
[Site "?"]
[Date "1998.04.??"]
[Round "3"]
[White "Lie, Espen"]
[Black "Hansen, Torbjorn R."]
[Result "0-1"]
[WhiteElo "1808"]
[BlackElo "2065"]
[PlyCount "90"]

1. e4 c6 2. d4 d5 3. exd5 cxd5 4. Bd3 Nc6 5. c3 Nf6 6. Nf3 g6 7. h3 Bg7 8. Bf4
O-O 9. O-O Bf5 10. Re1 Nd7 11. Bxf5 gxf5 12. Qd3 e6 13. Na3 Nf6 14. Nc2 Ne4 15.
Nd2 Ne7 16. f3 Nxd2 17. Qxd2 Ng6 18. g4 {
Hvit burde vart mer forsiktig, kongestillingen er ikke sa sikker.} 18... fxg4
19. hxg4 $2 19... Qf6 20. Bg5 Qxf3 21. Re2 f6 22. Rf1 Qxg4+ 23. Rg2 23... Qh5 {
Hvit har til gjengjeld fatt apnet linjer mot den svarte kongen, men det blir
ikke farlig nok for to bonders innsats.} 24. Be3 Nh4 25. Rg3 Nf5 26. Rxf5 exf5
27. Qg2 Rf7 28. Rh3 Qd1+ 29. Kh2 Re8 30. Nb4 f4 31. Bf2 f5 32. Nxd5 Qg4 33. Rh4
Qxg2+ 34. Kxg2 Re2 35. b4 Rxa2 36. Rxf4 Rc2 37. Kf1 Bf8 38. Ke1 b5 39. Kd1 Ra2
40. Ne3 Bh6 41. Rh4 Rxf2 42. Rxh6 f4 43. Ng4 Ra2 44. Rh3 Rg7 45. Rh2 45... Rxh2
{Svart bli et helt tarn over etter Rg1 og Rg2+.} 0-1

[Event "DANMJ"]
[Site "?"]
[Date "1998.04.05"]
[Round "3"]
[White "Lehiste, Margus"]
[Black "Trygstad, Kristian"]
[Result "1/2-1/2"]
[WhiteElo "2096"]
[BlackElo "2205"]
[PlyCount "46"]

1. e4 c5 2. Nf3 d6 3. c3 Nf6 4. Be2 g6 5. O-O Bg7 6. Re1 O-O 7. Bf1 Nc6 8. d4
cxd4 9. cxd4 Bg4 10. d5 Nb4 11. Na3 Nd7 12. h3 Bxf3 13. Qxf3 Rc8 14. Qb3 a5 15.
Be3 Nc5 16. Bxc5 Rxc5 17. Rac1 Qc8 18. Rxc5 Qxc5 19. Nc4 a4 20. Qa3 b5 21. Ne3
Na6 22. Rb1 Ra8 23. b4 23... Qc3 {Vi har latt partiet ga uten kommentarer, det
var nemlig ikke sa veldig spennende!} 1/2-1/2

[Event "DANMJ"]
[Site "?"]
[Date "1998.04.05"]
[Round "3"]
[White "Teigum, Amund"]
[Black "Heimreid, Ken-Ivar"]
[Result "1-0"]
[WhiteElo "1016"]
[BlackElo "1652"]
[PlyCount "97"]

1. e4 c5 2. Nf3 e6 3. c3 d5 4. exd5 exd5 5. d4 cxd4 6. Nxd4 Nf6 7. Bb5+ Bd7 8.
O-O {Hvit bor bytte av hvitfeltsloperen nar han har mulighet til det. Det vil
sla positivt ut mot en isolani.} 8... Be7 9. Re1 O-O 10. Qf3 Nc6 11. Bxc6 bxc6
12. Bg5 h6 13. Bh4 Re8 14. Nd2 Qb6 15. b3 c5 16. Nf5 Bxf5 17. Qxf5 Rad8 18.
Bxf6 {
Et litt merkelig bytte, hvit har helt klart terrengfordel sann som det star.}
18... Qxf6 19. Qf3 Qg6 20. c4 Bg5 21. Nf1 d4 22. Red1 Re7 23. Rd3 Rde8 24. b4
cxb4 25. Rxd4 Bf6 26. Rg4 Qxg4 27. Qxg4 27... Bxa1 {En ganske interessant
stilling, sannsynligvis har svart fordel her, ettersom to tarn og loperen
rekker over storre deler av brettet enn dronningen. Men han ma passe seg litt
for c-bonden.} 28. g3 Re4 29. Qd7 R8e7 30. Qc8+ Re8 31. Qd7 R4e7 32. Qd6 a5 33.
c5 Be5 34. Qa6 Bc7 35. Ne3 Re5 36. c6 Rc5 37. Qb7 Re7 38. Qa7 38... Rxc6 $4 {
En meget stygg bukk. Rce5 er en forbedring.} 39. Qa8+ Kh7 40. Qxc6 g6 41. Nd5
Re1+ 42. Kg2 Be5 43. Qe8 Kg7 44. Ne3 Bc3 45. Qa8 Re2 46. Qxa5 Bd4 47. Qxb4 Bxe3
48. Qc3+ Kf8 49. Qxe3 1-0

[Event "DANMJ"]
[Site "?"]
[Date "1998.04.05"]
[Round "3"]
[White "Gunnesdal, Lars"]
[Black "Ballo, Emanuel"]
[Result "0-1"]
[WhiteElo "1715"]
[BlackElo "2200"]
[PlyCount "106"]

1. e4 c5 2. Nf3 Nc6 3. d4 cxd4 4. Nxd4 e5 5. Nb5 d6 6. N1c3 a6 7. Na3 b5 8. Nd5
Nge7 9. Bg5 h6 10. Bh4 Qa5+ 11. c3 Nxd5 12. exd5 Ne7 13. Bxe7 13... Bxe7 {
Hvit har kanskje blitt litt forvirret av svarts springerspill, men har fatt
opp en stilling som ligner litt pa teorien.} 14. g3 Bg5 15. Nc2 O-O 16. Bg2 Qb6
17. O-O Bb7 18. Kh1 a5 19. Qd3 Rac8 20. Be4 {Dette er altfor nonchalant i
forhold til svarts trusler. Na er det loperparet som kommer med full styrke.}
20... Ba6 21. h4 b4 22. Qf3 Bd2 23. c4 Rxc4 24. Rfd1 Rxe4 25. Qxe4 Qxf2 26. Qg2
Be3 27. Nxe3 Qxe3 28. Rac1 Rc8 29. Rxc8+ Bxc8 30. Kh2 Bg4 31. Qd2 Qe4 32. Rc1
f5 33. Re1 Qf3 34. Re3 Qf1 35. Qg2 $2 {Taper en ny bonde.} 35... Qd1 36. a3 e4
37. Qf2 Qxd5 38. axb4 axb4 39. Re1 Qc4 40. Qd2 d5 41. Rc1 Qe2+ 42. Qxe2 Bxe2
43. Kg2 d4 44. Kf2 Bh5 45. Rc8+ Kf7 46. Rd8 46... d3 {Det er ikke sarlig
hyggelig for hvit a se bondene fosse innover, na mangler bare selve
bondegjennombruddet.} 47. Ke3 g5 48. hxg5 hxg5 49. Rb8 f4+ 50. gxf4 gxf4+ 51.
Kd2 Be2 52. b3 e3+ 53. Ke1 Bf3 0-1

[Event "DANMJ"]
[Site "?"]
[Date "1998.04.05"]
[Round "3"]
[White "Mellem, Nikolas A."]
[Black "Brakkan, Kolbjorn"]
[Result "1/2-1/2"]
[WhiteElo "1648"]
[BlackElo "1678"]
[PlyCount "66"]

1. e4 c6 2. d4 d5 3. Nd2 dxe4 4. Nxe4 Bf5 5. Ng3 Bg6 6. Nf3 Nd7 7. h4 h6 8. h5
Bh7 9. Bd3 Bxd3 10. Qxd3 e6 11. Bd2 Qc7 12. c4 Ngf6 13. O-O-O Bd6 14. Ne4 Nxe4
15. Qxe4 Nf6 16. Qe2 O-O-O 17. Bc3 c5 18. Kb1 cxd4 19. Bxd4 Bc5 20. Bxc5 Qxc5
21. Ne5 Nd7 22. Nxd7 (22. Nxf7 Qf5+) 22... Rxd7 23. Rxd7 Kxd7 24. Qf3 Qf5+ 25.
Qxf5 exf5 26. Re1 Rc8 27. b3 g6 28. Re5 Rc6 29. f4 Rf6 30. Kc2 gxh5 31. Kc3 h4
32. Kd4 Rg6 33. Re2 f6 1/2-1/2

[Event "DANMJ"]
[Site "?"]
[Date "1998.04.05"]
[Round "3"]
[White "Leer-Salvesen, Bjarte"]
[Black "Borchgrevink, Harald"]
[Result "1/2-1/2"]
[WhiteElo "2235"]
[BlackElo "1848"]
[PlyCount "113"]

1. g3 g6 2. Bg2 Bg7 3. c4 c6 4. Nf3 Nf6 5. O-O O-O 6. Nc3 d5 7. cxd5 Nxd5 8. e4
Nxc3 9. dxc3 Qc7 10. Qc2 10... Nd7 {
Allerede her tilbod svart remis, og hvit avslo. Tendensen for partiet var lagt.
} 11. Be3 b6 12. Rfd1 e5 13. Qa4 Nf6 14. h3 Bd7 15. Qc2 c5 16. Nd2 16... Bc6 {
Remistilbud nr2, avslag nr 2} 17. a4 Rfd8 18. Nc4 Ne8 19. b3 Qb7 20. a5 Qc7 21.
b4 $6 21... b5 22. Nd2 c4 23. Nf1 Nd6 24. Bc5 Rd7 25. Ne3 Rad8 26. Nd5 Bxd5 27.
Rxd5 Nc8 28. Rad1 28... Rxd5 {Remistilbud nr 3, avslag nr 3} 29. exd5 Bf8 30.
Bxf8 Kxf8 31. Qe4 f6 32. h4 Nd6 33. Qe3 Kg7 34. Bh3 a6 35. Be6 Ne8 36. g4 Qd6
37. g5 fxg5 38. Qxg5 Nc7 39. Re1 Nxe6 40. dxe6 Re8 41. Qxe5+ Qxe5 42. Rxe5 Kf6
43. Rc5 43... Rxe6 {Remistilbud nr 4, avslag nr 4.} 44. Kg2 Rd6 45. f3 Ke6 46.
Rc7 h5 47. Kg3 Kf5 48. Rf7+ Ke5 49. Re7+ Kf5 50. Ra7 Ke5 51. Ra8 51... Kf5 {
Remistilbud nr 5, avslag nr 5.} 52. Rc8 Ke5 53. Rc5+ Ke6 54. Kf4 Kd7 55. Re5
Rd3 56. Re3 Rd5 57. Re5 {Denne gangen tilbod utrolig nok Bjarte remis, og
Harald sa fornuftig nok ja. Jeg vil forresten takke Bjarte for et
noteringsskjema nesten uten feil (ironisk).} 1/2-1/2